|
|
|
|
| LEADER |
01773nam a22003855i 4500 |
| 001 |
978-88-470-2023-8 |
| 003 |
DE-He213 |
| 005 |
20150519182057.0 |
| 007 |
cr nn 008mamaa |
| 008 |
110812s2011 it | s |||| 0|ita d |
| 020 |
|
|
|a 9788847020238
|9 978-88-470-2023-8
|
| 024 |
7 |
|
|a 10.1007/978-88-470-2023-8
|2 doi
|
| 040 |
|
|
|d GrThAP
|
| 050 |
|
4 |
|a R1
|
| 072 |
|
7 |
|a MB
|2 bicssc
|
| 072 |
|
7 |
|a MED000000
|2 bisacsh
|
| 082 |
0 |
4 |
|a 610
|2 23
|
| 245 |
1 |
0 |
|a Excerpta Anestesiologica
|h [electronic resource] :
|b Volume 1 /
|c edited by Biagio Allaria.
|
| 264 |
|
1 |
|a Milano :
|b Springer Milan :
|b Imprint: Springer,
|c 2011.
|
| 300 |
|
|
|a X, 183 pagg.
|b online resource.
|
| 336 |
|
|
|a text
|b txt
|2 rdacontent
|
| 337 |
|
|
|a computer
|b c
|2 rdamedia
|
| 338 |
|
|
|a online resource
|b cr
|2 rdacarrier
|
| 347 |
|
|
|a text file
|b PDF
|2 rda
|
| 520 |
|
|
|a Il volume è rivolto agli anestesisti rianimatori e abbraccia diverse prospettive: temi generali come la sedazione e la sedo-analgesia in terapia intensiva, l’uso corretto di diuretici e l’utilizzo “colto” dei farmaci; problematiche ancora molto discusse come la “Goal Directed Hemodynamic Therapy” nel perioperatorio del paziente a rischio; argomenti più specialistici come la gestione dell’insufficienza epatica acuta in terapia intensiva e della acidosi ipercapnica nella ventilazione artificiale protettiva.
|
| 650 |
|
0 |
|a Medicine.
|
| 650 |
1 |
4 |
|a Medicine & Public Health.
|
| 650 |
2 |
4 |
|a Medicine/Public Health, general.
|
| 700 |
1 |
|
|a Allaria, Biagio.
|e editor.
|
| 710 |
2 |
|
|a SpringerLink (Online service)
|
| 773 |
0 |
|
|t Springer eBooks
|
| 776 |
0 |
8 |
|i Printed edition:
|z 9788847020221
|
| 856 |
4 |
0 |
|u http://dx.doi.org/10.1007/978-88-470-2023-8
|z Full Text via HEAL-Link
|
| 912 |
|
|
|a ZDB-2-SME
|
| 950 |
|
|
|a Medicine (Springer-11650)
|